Normal view
MARC view
- التعليم
Entry Topical Term
001 - CONTROL NUMBER
- control field: 40538
003 - CONTROL NUMBER IDENTIFIER
- control field: JO-AjAnu
005 - DATE AND TIME OF LATEST TRANSACTION
- control field: 20230606080731.0
008 - FIXED-LENGTH DATA ELEMENTS
- fixed length control field: 230606|| aca||aabn | a|a d
040 ## - CATALOGING SOURCE
- Original cataloging agency: JO-AjAnu
- Transcribing agency: JO-AjAnu
150 ## - HEADING--TOPICAL TERM
- Topical term or geographic name entry element: التعليم
670 ## - SOURCE DATA FOUND
- Source citation: Work cat.: (JO-AjAnu)20779: إبل، كنيث, author 40537, حرفة التعليم:مرشد لإتقان فن الأستاذ=The Craft Of Teaching